Müşterek pazar ve Türkiye (Record no. 803)

MARC details
000 -BAŞLIK
Sabit Uzunlukta Kontrol Alanı 00751na a2200205 4500
001 - KONTROL NUMARASI
Denetim Alanı 20735
003 - KONTROL NUMARASI IDENTIFIER
Denetim Alanı MIRAKIL
005 - SON İŞLEM TARİHİ VE ZAMANI
Denetim Alanı 20181213154802.0
008 - SABİT-BOY VERİ ELEMANLARI - GENEL BİLGİLER
Sabit Uzunlukta Kontrol Alanı 170126b tu 000 0
040 ## - KATALOGLAMA KAYNAK
Orijinal Kataloglama Ajansı Milas
Kataloglama Dili tur
Metne Dönüştürmek Ajansı TR-AnCHP
041 ## - DİL KODU
Metin / Ses Parça Veya Ayrı Başlığın Dil Kodu tur
082 ## - DEWEY ONLU SINIFLANDIRMA NUMARASI
Sınıflandırma Numarası 341.421
Ürün Numarası M97 1963
090 ## - SINIFLAMA NUMARASI
Sınıflama Numarası 341.421 M97 1963
245 ## - BAŞLIK TABLOSU
Başlık Müşterek pazar ve Türkiye
Başlığın Kalan (1957-1963)
Sorumluluk Tablosu, Vb T.C. Dışişleri Bakanlığı Bakanlıklararası Dış İktisadi Münasebetler Komitesi Daimi Sekreterlik
260 ## - YAYIN, DAĞITIM, VB
Yayın, Dağıtım, Vb Yeri Ankara
Yayıncı, Dağıtıcı, Vs Adı T.C. Dışişleri Bakanlığı Bakanlıklararası Dış İktisadi Münasebetler Komitesi Daimi Sekreterlik
Yayın, Dağıtım, Vb Tarihi 1963
300 ## - FİZİKSEL TANIM
Kapsam 149 s.
Boyutlar 24 sm.
504 ## - KAYNAKÇA VB NOT
Kaynakça Vb Notu Kaynakça ve kronoloji var.
650 ## - KONU KATMA GİRİŞ - TOPİKAL DÖNEM
Topikal Süreli Veya Coğrafi Ad Giriş Elemanı Avrupa Birliği
Genel Alt Bölümü Tarih
Coğrafi Alt Bölümü Türkiye
942 ## - EKLENDİ GİRİŞ ELEMANLARI (KOHA)
Sınıflandırma Veya Raf Düzeni Kaynak Dewey Decimal Classification
Koha Öğesi Türü Books
999 ## - SİSTEM KONTROL NUMARALARI (KOHA)
Koha Biblionumber 803
Koha Biblioitemnumber 803
Holdings
Kalıcı Konum Mevcut Konum Edinme Tarihi Edinim Kaynak Toplam Check-Out'Lar Tam Çağrı Numarası Barkod Tarih Son Görülme İtibaren Geçerli Fiyatlar Koha Öğesi Türü
CHP Kütüphanesi CHP Kütüphanesi 01/26/2017 Bağış   341.421 M97 1963 012120 01/26/2017 01/26/2017 Books